British and Portuguese colonialism in central African education /

Bibliographic Details
Main Author: Mawema, Michael Andrew
Format: Thesis Microform Book
Language:English
Published: [Place of publication not identified] : [publisher not identified] ; 1981.
Subjects:

MARC

Tag First Indicator Second Indicator Subfields
LEADER 00000cam a2200000 a 4500
001 in00000014492
005 20151007052228.0
007 hd afb|||||||
008 880502r19811981miua ab 00010 eng d
035 |a (OCoLC)17881963 
035 |9 AAA6861AM 
040 |a TXA  |c TXA  |d UtOrBLW 
043 |a e-uk---  |a e-po---  |a f------ 
049 |a TXAI 
099 |a film  |a B  |a 3203 
100 1 |a Mawema, Michael Andrew. 
245 1 0 |a British and Portuguese colonialism in central African education /  |c by Michael Andrew Mawema. 
264 1 |a [Place of publication not identified] :  |b [publisher not identified] ;  |c 1981. 
300 |a ix, 278 leaves :  |b illustrations 
336 |a text  |b txt  |2 rdacontent 
337 |a microform  |b h  |2 rdamedia 
338 |a microfilm reel  |b hd  |2 rdacarrier 
502 |b Ed. D.  |c Columbia University  |d 1981. 
504 |a Bibliography: leaves 263-278. 
533 |a Microfilm.  |b Ann Arbor, Mich. :  |c University Microfilms International,  |d 1981.  |e 1 microfilm reel ; 35 mm. 
500 |a Microform. 
650 0 |a Education  |z Great Britain  |x Colonies. 
650 0 |a Education  |z Portugal  |x Colonies. 
650 0 |a Education  |z Angola. 
650 0 |a Education  |z Mozambique. 
650 0 |a Education  |z Zimbabwe. 
650 0 |a Education  |z Zambia. 
999 |a MARS 
999 f f |s cad1c304-c26e-3ac2-81fe-89b5806c6b01  |i 29a7ed79-1eef-39bd-aa34-e30c1039e393  |t 0 
952 f f |p normal  |a Texas A&M University  |b College Station  |c Sterling C. Evans Library  |d Evans: Microforms (3rd floor)  |t 0  |e film B 3203  |h Other scheme  |i microform -- microfilm reel  |m A14837801418 
998 f f |a film B 3203  |t 0  |l Evans: Microforms (3rd floor)